00792cam a22002531 4500001001300000003000400013005001700017008004100034010001700075035001900092040002600111043001200137050002200149051001500171100005200186245004600238260004800284300003700332410005600369504002800425650003700453650003100490999001700521gs 56000137 DLC20260227111404.0780627s1956 dcubd b f000 0 eng  ags 56000137  a(OCoLC)4011685 aDLCcOClUdOCoLCdDLC an-usp--00aQE75b.P9 no. 279 aQE690b.H81 aHunt, Charles B.q(Charles Butler),d1906-1997.10aCenozoic geology of the Colorado plateau. aWashington,bU.S. Govt. Print. Off.,c1956. aiv, 99 p.bmaps, diagrs.c29 cm.20aGeological Survey (U.S.).tProfessional paper,v279 aBibliography: p. 87-95. 0aGeology, StratigraphicyCenozoic 0aGeologyzColorado Plateau. c29050d29050